Statistics for F1 Podiums 1998

Click here to take the quiz!

General Stats

  • This quiz has been taken 192 times
  • The average score is 9 of 11

Answer Stats

Answer% Correct
Michael Schumacher
100%
Ralf Schumacher
100%
Mika Hakkinen
97%
David Coulthard
95%
Damon Hill
93%
Eddie Irvine
89%
Jacques Villeneuve
87%
Heinz-Harald Frentzen
77%
Giancarlo Fisichella
72%
Jean Alesi
68%
Alexander Wurz
46%

Score Distribution

Percentile by Number Answered

Percent of People with Each Score

Your Score History

You have not taken this quiz